000
00321nam a2200133 a 4500
005
20140414131927.0
008
101027s19uu xx 00 eng d
020
_a
050
_a
ER
_b
L55 2000
100
_a
Papineau, Lucie
245
_a
Leonardo the lion cub.
260
_b
Dominique Payette,
_c
2000.
999
_c
112092
_d
112092